International General Catalogue

Bibliographic Details
Format: Book
Published: New York : McGraw Hill , 1985
Subjects:

MARC

LEADER 00000cam a2200000 7i4500
001 0000002292
005 20050427.0
040 |a INS 
090 0 0 |a RTS405.   |b I65 1985 
245 1 0 |a International General Catalogue 
260 |a New York :   |b McGraw Hill ,   |c 1985 
300 |a 1000p ;   |c 21 cm. 
650 0 0 |a Catalogue 
999 |a 0000000580   |b BOOK   |c Reference   |e Default branch